مكتبة جامعة عجلون الوطنية

فهرس بحث المكتبة

Normal view MARC view
  • الشباب - تنمية

Entry Topical Term

Number of records used in: 1

001 - CONTROL NUMBER

  • control field: 52046

003 - CONTROL NUMBER IDENTIFIER

  • control field: JO-AjAnu

005 - DATE AND TIME OF LATEST TRANSACTION

  • control field: 20230606082546.0

008 - FIXED-LENGTH DATA ELEMENTS

  • fixed length control field: 230606|| aca||aabn | a|a d

040 ## - CATALOGING SOURCE

  • Original cataloging agency: JO-AjAnu
  • Transcribing agency: JO-AjAnu

150 ## - HEADING--TOPICAL TERM

  • Topical term or geographic name entry element: الشباب - تنمية

670 ## - SOURCE DATA FOUND

  • Source citation: Work cat.: (JO-AjAnu)26599: ملتقى دور الشباب في التنمية البشرية . 2013 : بغداد، العراق) , author 52045, دور الدولة في تنمية الشباب العربي: بحوث وأوراق ملتقى دور الشباب في التنمية البشرية) بغداد، جمهورية العراق، ديسمبر 2013